000 00341nam a22001337a 4500
008 230623b xxu||||| |||| 00| 0 eng d
020 _a0582643430
082 _22
_a330.91724
_bTOD 1982
100 _cMichael P.Todaro
245 _aEconomics for a Developing World
260 _aLondon
_bLongman
_c1982
300 _aXXV,434p
942 _2ddc
_cBK
999 _c2548
_d2548